Proceso y realidad

Salvato in:
Dettagli Bibliografici
Autore principale: Whitehead, Alfred North (autor)
Natura: Libro
Lingua:spagnolo
Pubblicazione: Buenos Aires Losada 1956
Serie:Biblioteca Filosófica
Soggetti:
Tags: Aggiungi Tag
Nessun Tag, puoi essere il primo ad aggiungerne!!

MARC

LEADER 00000nam a2200000 a 4500
001 UCZ3112
003 CL-VaPUC
008 951020e19560000AG |||||||||||||||||spa|d
082 0 4 |a 192  |b WHI  |2 21 
100 |a Whitehead, Alfred North  |e autor  |9 346913 
245 1 0 |a Proceso y realidad 
300 |a 474 p 
942 |c BK 
945 |d 19951020 00:00:00  |a rbrito 
260 |a Buenos Aires  |b Losada  |c 1956 
650 0 |a Filosofía inglesa  |9 255676 
583 |a last modification  |c 19951020 00:00:00  |k Rodrigo Vera 
490 0 |a Biblioteca Filosófica 
999 |c 239632  |d 239630 
952 |0 0  |1 0  |2 ddc  |4 0  |6 192_000000000000000_WHI_1956  |7 0  |8 A  |9 250904  |a BIBEDU  |b BIBEDU  |c GEN  |d 2019-11-18  |i 3127192  |o 192 WHI 1956  |p 3127192  |r 2024-01-25  |w 2019-11-18  |y BK  |k FIL 
952 |0 0  |1 0  |2 ddc  |4 0  |6 192_000000000000000_WHI_1956  |7 0  |8 A  |9 250905  |a BIBEDU  |b BIBEDU  |c GEN  |d 2019-11-18  |i 1599186  |l 1  |o 192 WHI 1956  |p 1599186  |r 2024-10-22  |s 2024-10-22  |w 2019-11-18  |y BK  |k FIL